000 00581aas a2200181 4500
999 _c50154
_d50154
001 768714001
003 CO-MdFUSB
005 20170914153325.0
008 170914s1999 ag ||||| |||| 00| 0 spa d
022 _a0326-6737
040 _aCO-MdFUSB
_bspa
_cCO-MdFUSB
_dCO-MdFUSB
041 _aspa
100 1 _aAndiñach, Pablo R.
_eautor
245 1 0 _aSobre la espiritualidad cristiana
_c/ Andiñach, Pablo R.
300 _aVolumen 18 (1999), páginas 107-114
_c: 23 cm.
773 0 _tCuadernos de Teología
_049404
_959703
_gVolumen 18 (1999), páginas 107-114
_qPágina 107
942 _cANA